| 000 | 00839nam a22001815i 4500 | ||
|---|---|---|---|
| 001 | 157162 | ||
| 003 | ES-MaACL | ||
| 005 | 20230906210613.0 | ||
| 008 | 040809s1866 fr |||| | fre d | ||
| 040 |
_aCAM _bspa _cCAM |
||
| 100 | 1 |
_aLartet, Louis. _970381 |
|
| 245 | 1 | 0 |
_aSur les gîtes bitumineux de la Judée et de la Coele-Syrie, et sur le mode d'arrivée de l'asphaltw au milieu des eaux de la mer Morte / _cpar Louis Lartet. |
| 260 |
_aParis : _b[s.n., _cs.a.] ( _fImprimerie de E. Martinet) |
||
| 300 |
_ap. 12-31 ; _c23 cm. |
||
| 594 | _aTit. tomado de comienzo de texto. | ||
| 595 | _aExtrait du Bulletin de la Societé Géologique de France, 2e série, tome XXIV, p. 12, séance du 5 novembre 1866. | ||
| 852 |
_aES-MaACL _jT-908-F-3 _z-- Enc. hol. _z-- Legado de Federico de Botella y de Hornos _z-- Enc. en un vol. facticio |
||
| 999 |
_c157162 _d157162 |
||